All Mario Tennis Games - Statistics

General Stats
  • This quiz has been taken 16 times
  • The average score is 6 of 9
Answer Stats
Hint Answer % Correct
2000 Mario Tennis (GBC)
100%
2000 Mario Tennis (N64)
100%
2018 Mario Tennis Aces
88%
2026 Mario Tennis Fever
75%
2015 Mario Tennis: Ultra Smash
63%
2004 Mario Power Tennis
50%
1995 Mario's Tennis
50%
2012 Mario Tennis Open
50%
2005 Mario Tennis: Power Tour
38%
No matching quizzes found
Score Distribution
Percent of People with Each Score
Percentile by Number Answered
Your Score History
You have not taken this quiz